Failure Mode Effect Analysis (Record no. 8125)
[ view plain ]
| 000 -LEADER | |
|---|---|
| fixed length control field | 01214cam a22002054a 4500 |
| 005 - ΗΜΕΡΟΜΗΝΙΑ ΚΑΙ ΩΡΑ ΤΕΛΕΥΤΑΙΑΣ ΕΝΗΜΕΡΩΣΗΣ | |
| Πεδίο ελέγχου | 20250605164327.0 |
| 008 - FIXED-LENGTH DATA ELEMENTS--GENERAL INFORMATION | |
| Πεδίο ελέγχου σταθερού μήκους | 250528s ||||||||||||||||||||||||d |
| 035 ## - SYSTEM CONTROL NUMBER | |
| System control number | 23095 |
| 020 ## - ISBN | |
| ISBN | 873895983 |
| 040 ## - ΠΗΓΗ ΚΑΤΑΛΟΓΟΓΡΑΦΗΣΗΣ | |
| Φορέας πρωτότυπης καταλογογράφησης | MC Athens Campus Library |
| Γλώσσα καταλογογράφησης | Ελληνικά, Μοντέρνα (1453-) |
| Modifying agency | MC Athens Campus Library |
| Κανόνες περιγραφικής καταλογογράφησης | AACR2 |
| 245 1# - ΤΙΤΛΟΣ ΚΑΙ ΔΗΛΩΣΗ ΥΠΕΥΘΥΝΟΤΗΤΑΣ | |
| Τίτλος | Failure Mode Effect Analysis |
| 250 ## - EDITION STATEMENT | |
| Edition statement | 2nd |
| 260 ## - PUBLICATION, DISTRIBUTION, ETC. | |
| Name of publisher, distributor, etc. | ASQC Quality Press, |
| Date of publication, distribution, etc. | 2003 |
| 300 ## - PHYSICAL DESCRIPTION | |
| Extent | 458 |
| 520 ## - SUMMARY, ETC. | |
| Summary, etc. | This is the most comprehensive guide on failure mode and effect analysis (FMEA) and is excellent for professionals with any level of understanding.Includes CDROM. Preface, Acknowledgements, Introduction, Legal Approach to Liability, FMEA: A General Overview, The Language of the FMEA, Teams and Team Mechanics of FMEA, System FMEA, Design FMEA, Process FMEA, Machine FMEA, FMEA and the Electromechanical Industry, FMEA and Computers: Hardware and Software, FMEA and the Semiconductor Industry, FMEA and the Medical Device Industry, FMEA and the Automotive Industry, FMEA and ISO 9000, Six Sigma and FMEA Design Review, FMEA and Robustness, An Overview of Some Typical Tools Used in FMEA, Epilogue, Glossary, Select Bibliography, Index. |
| 700 1# - ΠΡΟΣΘΕΤΗ ΑΝΑΓΡΑΦΗ--ΦΥΣΙΚΟ ΠΡΟΣΩΠΟ | |
| Personal name | Stamatis D.H |
| 9 (RLIN) | 8649 |
| 942 ## - ADDED ENTRY ELEMENTS (KOHA) | |
| Koha item type | Books |
| Τύπος τεκμηρίου | Βιβλιοθήκη | Τρέχουσα τοποθεσία | Barcode | Αριθμός εισαγωγής | Ημερομηνία απόκτησης | Ταξιθετικό σύμβολο | Αριθμός αντιτύπου | Κατάσταση απόσυρσης | Κατάσταση χαμένου | Κατάσταση κατεστραμμένου | Μη δανεισμός | Σύνολο δανεισμών | Ημερομηνία τελευταίας εμφάνισης | Η τιμή ισχύει από |
|---|---|---|---|---|---|---|---|---|---|---|---|---|---|---|
| Books | MC Athens Campus Library | MC Athens Campus Library | 9780000081247 | 7670 | 05/06/2025 | 620/.00452 STA | 1 | 05/06/2025 | 05/06/2025 |